Horelo na symbolickom cintoríne

Bibliographic Details
Format: Article
Language:Slovak
ISSN:1210-2423
Subjects:

MARC

LEADER 00000nab a2200000 r4500
001 vtls011824778
003 SK-MaSNL
005 20260303204138.0
008 181122c2018 xo wr|p|||||||000 b|slo
015 |a SNBRB2018/11 
038 |a PPPK 
040 |a PPPKCL  |b slo  |e rda 
041 0 |a slo 
043 |a e-xo--- 
044 |a xo  |c SK 
072 7 |a 71  |x Územné plánovanie. Urbanizmus. Pamiatková starostlivosť  |2 konspekt 
080 |a 718  |2 2011 
080 |a 614.841  |2 2011 
245 0 0 |a Horelo na symbolickom cintoríne 
336 |a text  |b txt  |2 rdacontent 
337 |a bez média  |b n  |2 rdamedia 
338 |a zväzok  |b nc  |2 rdacarrier 
500 |a Autor článku nie je uvedený. 
610 2 7 |a Symbolický cintorín (Vysoké Tatry, Slovensko)  |2 pppkcl  |9 55042 
648 7 |a 1.11.2018  |2 pppkcl  |9 1237531 
650 0 7 |a cintoríny  |2 pppkcl  |9 2946 
650 0 7 |a požiare  |2 pppkcl  |9 1504 
651 7 |a Vysoké Tatry (Poľsko a Slovensko : pohorie)  |2 pppkcl  |9 67729 
773 0 |t Podtatranské noviny  |g Roč. LIX, č. 45 (2018), s. 3  |x 1210-2423 
852 |a PPPK  |b KIS3GCP 
999 |c 2188643  |d 2190573